[Event "GER-chT U12"]
[Site "Arendsee"]
[Date "2011.12.28"]
[Round "3.3"]
[White "Gisy, Gemma"]
[Black "Habersetzer, Marc"]
[Result "1/2-1/2"]
[WhiteElo "1062"]
[BlackElo "1075"]
[PlyCount "167"]
[EventDate "2011.12.27"]
[EventType "team-swiss"]
[EventRounds "7"]
[EventCountry "GER"]
[SourceTitle "EXT 2022"]
[Source "ChessBase"]
[SourceDate "2021.10.06"]
[SourceVersion "1"]
[SourceVersionDate "2021.10.06"]
[SourceQuality "1"]
[WhiteTeam "Hannover PSC U12"]
[BlackTeam "Kleve Turm U12"]
[WhiteTeamCountry "GER"]
[BlackTeamCountry "GER"]

1. e4 d5 2. exd5 Qxd5 3. Nc3 Qa5 4. Nf3 c6 5. d4 e6 6. Bd2 Nf6 7. a3 Nbd7 8. b4 Qd8 9. Bd3 Bd6 10. 0-0 0-0 11. Re1 Re8 12. Ne5 Nd5 13. Nxd5 cxd5 14. Qf3 f6 15. Nxd7 Bxd7 16. Qh3 h6 17. Bg6 Re7 18. g3 Bc7 19. Re3 Bb6 20. c3 e5 21. Qh4 e4 22. Rae1 Bc6 23. f3 Qd6 24. fxe4 dxe4 25. Bxe4 Bxe4 26. Rxe4 Rae8 27. Rxe7 Rxe7 28. Rxe7 Qxe7 29. Kf2 Qd7 30. h3 Qa4 31. Qg4 Qc2 32. Ke2 a5 33. Qc8+ Kh7 34. Qxb7 Bd8 35. bxa5 Bxa5 36. Qc6 Qa2 37. Qc5 Bd8 38. Qc8 Bb6 39. Qb7 Ba5 40. Qe4+ f5 41. Qxf5+ g6 42. Qxa5 Qe6+ 43. Qe5 Qc4+ 44. Ke1 Qa2 45. Qe3 Qb1+ 46. Kf2 Qf5+ 47. Qf4 Qc2 48. Qxh6+ Kg8 49. c4 Qd3 50. Be3 Qc2+ 51. Kf3 Qd1+ 52. Ke4 Qb1+ 53. Kd5 Qf5+ 54. Kc6 Qe6+ 55. Kb7 Qd7+ 56. Ka8 Qc8+ 57. Ka7 Qc7+ 58. Ka8 Qd8+ 59. Ka7 Qc7+ 60. Ka6 Qxc4+ 61. Ka5 Qc3+ 62. Kb6 Qb3+ 63. Kc6 Qe6+ 64. Kc5 Qe7+ 65. Kb5 Qb7+ 66. Ka4 Qa6+ 67. Kb3 Qb5+ 68. Kc3 Qa5+ 69. Kc4 Qa4+ 70. Kd5 Qb5+ 71. Kd6 Qb6+ 72. Ke5 Qc7+ 73. Kd5 Qd7+ 74. Kc5 Qc7+ 75. Kb5 Qb7+ 76. Kc4 Qa6+ 77. Kd5 Qa5+ 78. Kc6 Qa6+ 79. Kd5 Qb5+ 80. Kd6 Qb6+ 81. Kd7 Qb5+ 82. Kd6 Qb6+ 83. Kd7 Qb5+ 84. Kc8 1/2-1/2